000
00349nam a2200157Ia 4500
003
OSt
005
20240106143007.0
008
170524s9999 xx 000 0 und d
020
_a
9780070682139
040
_c
IIMT UNIVERSITY
100
_a
Aswathappa K
100
_c
2012
245
0
_a
HUMAN RESOURCE MANAGEMENT
260
_a
TMH
942
_2
ddc
_c
02
999
_c
2902
_d
2902